UBT Library

Martini's atlas of the human body / (Record no. 43560)

000 -LEADER
fixed length control field 00814cam a22002774a 4500
001 - CONTROL NUMBER
control field 15022431
005 - DATE AND TIME OF LATEST TRANSACTION
control field 20180227041738.0
008 - FIXED-LENGTH DATA ELEMENTS--GENERAL INFORMATION
fixed length control field 070924s2009 caua 000 0 eng
010 ## - LIBRARY OF CONGRESS CONTROL NUMBER
LC control number 2007039454
020 ## - INTERNATIONAL STANDARD BOOK NUMBER
International Standard Book Number 9780321505972
020 ## - INTERNATIONAL STANDARD BOOK NUMBER
International Standard Book Number 0321505972
035 ## - SYSTEM CONTROL NUMBER
System control number (DNLM)101317129
040 ## - CATALOGING SOURCE
Original cataloging agency DNLM/DLC
Transcribing agency DLC
Modifying agency DLC
041 ## - LANGUAGE CODE
Language code of text/sound track or separate title eng
042 ## - AUTHENTICATION CODE
Authentication code pcc
060 10 - NATIONAL LIBRARY OF MEDICINE CALL NUMBER
Classification number 611
Item number M386m 2009
080 ## - UNIVERSAL DECIMAL CLASSIFICATION NUMBER
Universal Decimal Classification number 611
082 00 - DEWEY DECIMAL CLASSIFICATION NUMBER
Classification number 611 MAR
Edition number 22
100 1# - Rafti
Rafti 6
101 ## - Shkurtesa
Shkurtesa ANA
245 10 - TITLE STATEMENT
Title Martini's atlas of the human body /
Statement of responsibility, etc by Frederic H. Martini ; with William C. Ober, art coordinator and illustrator ... [et al.].
246 30 - VARYING FORM OF TITLE
Title proper/short title Atlas of the human body
906 ## - LOCAL DATA ELEMENT F, LDF (RLIN)
a 7
b cbc
c orignew
d 1
e ecip
f 20
g y-gencatlg
942 ## - ADDED ENTRY ELEMENTS (KOHA)
Source of classification or shelving scheme
Item type Books
Holdings
Withdrawn status Lost status Source of classification or shelving scheme Damaged status Not for loan Collection code Permanent location Current location Shelving location Date acquired Total Checkouts Full call number Barcode Date last seen Price effective from Koha item type
          Koleksioni i përgjithshem UBT - Lipjan UBT - Lipjan Koleksioni i përgjithshem 02/27/2018   611 MAR 002-3000163 02/27/2018 02/27/2018 Books
UBT Library © 2015-2024. All rights reserved University Education for Business and Technology